| 000 | 01003nam a22002657a 4500 | ||
|---|---|---|---|
| 999 |
_c12574 _d12574 |
||
| 003 | AR-CdUCM | ||
| 008 | 190409b ||||| |||| 00| 0 spa d | ||
| 020 | _a978-612-47327-1-3 | ||
| 040 |
_aMUNICIPALIDAD PROVINCIAL DEL CUSCO _cBIBLIOTECA MUNICIPAL DEL CUSCO |
||
| 082 |
_aEP / 372 / _bN25 |
||
| 100 |
_aGonzales Azurin, Márisabel _930465 |
||
| 245 |
_aMis primeros cuentos y mitos : _b1er grado primaria "con actividades para el plan lector español - quechua - ingles " / |
||
| 260 |
_aCusco : _bRepresentaciones generales y servicios americanos, _c2016. |
||
| 300 |
_a197 paginas ; _bIlustraciones, graficos, dibujos, _c25 cm. |
||
| 440 |
_aRegesa _930328 |
||
| 500 | _aLibro en quechua y español e ingles | ||
| 650 |
_aTexto Educativo _925832 |
||
| 650 |
_aLiteratura _983 |
||
| 650 |
_aEducación _9460 |
||
| 650 |
_aCuentos y mitos _930329 |
||
| 700 |
_aVentura Valle, Mántaro _930466 |
||
| 700 |
_aÁlvarez Espinoza, Juvenal _911376 |
||
| 942 |
_2ddc _cLIBROS |
||
| 945 |
_apjha _d2019-04-09 |
||